Fr. Conceicao Rodrigues College of Engineering

Numerical Methods For Maths (Record no. 34491)

MARC details
000 -LEADER
fixed length control field 00344nam a2200157Ia 4500
082 ## - DEWEY DECIMAL CLASSIFICATION NUMBER
Classification number 515
Item number PAN
100 ## - MAIN ENTRY--PERSONAL NAME
Personal name Matthews/J.H.
245 ## - TITLE STATEMENT
Title Numerical Methods For Maths
260 ## - PUBLICATION, DISTRIBUTION, ETC.
Name of publisher, distributor, etc. Prentice Hall of India
Place of publication, distribution, etc. NewDelhi
Date of publication, distribution, etc. 1992
300 ## - PHYSICAL DESCRIPTION
Extent 646
490 ## - SERIES STATEMENT
Volume/sequential designation 10
546 ## - LANGUAGE NOTE
Language note ENGLISH
654 ## - SUBJECT ADDED ENTRY--FACETED TOPICAL TERMS
Focus term Numerical Methods
942 ## - ADDED ENTRY ELEMENTS (KOHA)
Koha item type BOOK
Holdings
Withdrawn status Lost status Damaged status Not for loan Collection Home library Current library Shelving location Date acquired Cost, normal purchase price Total Checkouts Full call number Barcode Date last seen Cost, replacement price Price effective from Koha item type
        CRC Fr. Agnel's C.Rodrigues College of Engineering Fr. Agnel's C.Rodrigues College of Engineering   17/03/2023 150.00   515 PAN 5756 17/03/2023 150.00 17/03/2023 BOOK